000 00310nam a2200109 4500
999 _c9744
_d9744
008 180716b ||||| |||| 00| 0 eng d
245 _aNo lowering of taxes seen on non-life insurance.
260 _aPhilippines
_bThe Philippine Star
_cc2017
300 _apage B8.
650 0 _928927
_aTaxation.
942 _2ddc
_cPER